000 00742nam a22002297a 4500
003 OSt
005 20160919163622.0
008 160919b xxu||||| |||| 00| 0 eng d
020 _a978-84-8235-611-2
040 _cCRI
082 _a657
245 _aTodo Contabilidad
_cCoordinadores: Jordi Amadi Guirado, Carlos Marín Lama; Coautores: Carlos Marín Lama, Ferran Rodríguez garcía
260 _aEspaña
_bEdición Fiscal CISS
_c2007
300 _a1700 p.
_c24 cm
490 _aEdición Fiscal CISS
500 _aÍndice: p. [1617]
650 0 _9877
_aContabilidad
700 1 _915352
_aAmado Guirado, Jordi
700 1 _939716
_aMarín Lama, Carlos
700 1 _939717
_aRodríguez García, Ferran
942 _2ddc
_cBK
_hprozim
999 _c25917
_d25917